| 000 | 00654cam a2200217 4500500 | ||
|---|---|---|---|
| 005 | 20260329003404.0 | ||
| 041 | _afre | ||
| 042 | _adc | ||
| 100 | 1 | 0 |
_aPersonne, Thomas _eauthor |
| 245 | 0 | 0 | _aPrendre dates. Paris, 6 janvier - 14 janvier 2015 |
| 260 | _c2015. | ||
| 500 | _a33 | ||
| 690 | _a7 janvier 2015 | ||
| 690 | _aCharlie Hebdo | ||
| 690 | _aDate | ||
| 690 | _aHistoire | ||
| 690 | _aMathieu Riboulet | ||
| 690 | _aPatrick Boucheron | ||
| 786 | 0 | _nPhilosophie magazine | 91 | 8 | 2015-07-01 | p. 54-54 | 1951-1787 | |
| 856 | 4 | 1 | _uhttps://shs.cairn.info/magazine-philosophie-magazine-2015-8-page-54?lang=fr&redirect-ssocas=7080 |
| 999 |
_c1824154 _d1824154 |
||